000 00932nas a2200289 4500
001 BR7903024
003 BR-BrBNA
005 20231205083723.0
007 ta
008 230509b bl.|||p| |||| 00| 00por d
040 _aBR-BrBNA
_bpor
_cBiblioteca Nacional de Agricultura
041 _a(Pt)
072 _aH20
100 1 _aMenezes Sobrinho, J.A. de
245 1 _aDoencas de origens fungicas do alho [Allium sativum; Podridao branca; Ferrugem; Mancha de alternaria; Fusariose]
650 _aDoenca de planta
650 _aAlho
650 _aFungo
650 _aControle quimico
650 _aPodridao branca
650 _aFerrugem
650 _aMancha de alternaria
650 _aFusariose
773 0 _tInforme Agropecuario - Empresa de Pesquisa Agropecuaria de Minas Gerais (Brazil)
_xISSN 0100-3364
_g(Dec 1978), v. 4(48) p. 45-50
_wBR7903024
909 _a202311
_bLúcia
_c55
_dLúcia Elande
942 _2AGRIS
_n0
_cANA
999 _c100757
_d100757